| 000 | 00920 a2200241 4500 | ||
|---|---|---|---|
| 003 | Nust | ||
| 005 | 20230307123537.0 | ||
| 010 | _a 79019266 | ||
| 020 | _a0379111195 : | ||
| 040 | _cNust | ||
| 082 | 0 | 0 | _a340.03,BAN |
| 100 | 1 |
_aBander, Edward J. _9105895 |
|
| 245 | 1 | 0 |
_aDictionary of selected legal terms and maxims / _cEdward J. Bander ; ... rev. by the Oceana editorial staff ; Irving J. Sloan, general editor. |
| 250 | _a2d ed. | ||
| 260 |
_aDobbs Ferry, N.Y. : _bOceana Publications, _c1979. |
||
| 300 |
_axi, 140 p. ; _c20 cm. |
||
| 490 | 0 | _aLegal almanac series ; no. 58 | |
| 505 | _aIntroduction (Page-V), English Legal Words, Terms And Phrases (Page-92), Latin Legal Words, Terms And Phrases (Page-99), Maxims (Page-113). | ||
| 650 | 0 |
_aLaw _zUnited States _xTerminology. _9105896 |
|
| 700 | 1 |
_aSloan, Irving J. _9105897 |
|
| 710 | 2 |
_aOceana Publications, inc. _9105898 |
|
| 942 |
_2ddc _cBK _k340.03,BAN |
||
| 999 |
_c184571 _d184571 |
||